000 00570nam a22002177a 4500
003 UA-OsUOA
001 84022
007 ta
008 20120516b un ||||| |||| 00| 0 ukr d
100 _aРязанов Д.С.
090 _a32
_bР99
942 _cSA
040 _aUA-OsUOA
_brus
_cUA-OsUOA
_dUA-OsUOA
245 _aБедность и безработица как фактор терроризма
300 _aС.104-112
955 _a0
041 _arus
080 _a32
773 0 _w84018
_tПолития
_dМ.
_d2011
_g4
650 7 _a32 Політика
_2UDC
999 _c370333
_d370333